000 00640nam a2200205Ii 4500
003 JO-AjNU
008 230605s9999||||xx |||||||||||||| ||und||
040 _aJO-AjNU
_bara
_erda
_cJO-AjNU
041 _aara
050 1 4 _aBP161.2.A88 1997
100 3 _aعطوان،حسين,
_eauthor
_913474
245 0 0 _aدراسات إسلامية
250 _aط1
264 3 1 _aبيروت: دار الجيل، 1997
300 _a119ص
336 _atext
_btxt
_2rdacontent
337 _aunmediated
_bn
_2rdamedia
338 _avolume
_bnc
_2rdacarrier
650 4 _aشورى- الاسلام- امويون- تاريخ- عباسيون- تاريخ
_913475
999 _aA3365
_c6933
_d6933